000 00358nam a22001457a 4500
003 OSt
008 250212b |||||||| |||| 00| 0 eng d
020 _a9789348140500
100 _aRANA, Sweety
245 _aHand Crafted
260 _aNew Delhi:
_bNaples Indian Publication:
_c2024.
300 _a85p.
650 _aFaculty Publication
942 _2ddc
_cBK
999 _c13091
_d13091